Будденброки: История гибели одного семейства

Λεπτομέρειες βιβλιογραφικής εγγραφής
Κύριος συγγραφέας: Манн Т. Томас
Άλλοι συγγραφείς: Ман Н. (переводчик), Вильмонт Н. (автор предисловия)
Γλώσσα:Ρωσικά
Έκδοση: Москва, Книга, 1982
Θέματα:
Μορφή: MixedMaterials Βιβλίο
KOHA link:https://koha.lib.tpu.ru/cgi-bin/koha/opac-detail.pl?biblionumber=128294

MARC

LEADER 00000nam0a2200000 4500
001 128294
005 20231101220115.0
020 |a RU  |b 82-34679 
035 |a (RuTPU)RU\TPU\book\138767 
090 |a 128294 
100 |a 20071225d1982 m y0rusy5003 ca 
101 1 |a rus  |c ger 
102 |a RU 
105 |a y z 000ay 
200 1 |a Будденброки  |e История гибели одного семейства  |f Т. Манн  |g пер. с нем. Н. Ман ; авт. предисл. Н. Вильмонт 
210 |a Москва  |c Книга  |d 1982 
215 |a 559 с.  |d 22 см. 
320 |a Библиогр.: с. 555-558 
610 0 |a Буржуазия в Германии (х. л.) 
610 0 |a Германия, 19 в. (х. л.) 
610 0 |a немецкая литература 
675 |a 83  |z rus 
700 1 |a Манн  |b Т.  |c немецкий писатель  |f 1875-1955  |g Томас  |2 stltpush  |3 (RuTPU)RU\TPU\pers\7922  |9 1534 
702 1 |a Ман  |b Н.  |4 730 
702 1 |a Вильмонт  |b Н.  |4 080 
801 0 |a RU  |b RuMRKP  |c 19950704  |g psbo 
801 1 |a RU  |b 63413507  |c 20071225  |g PSBO 
801 2 |a RU  |b 63413507  |c 20071225  |g PSBO 
942 |c BK